000 00790nam a2200205Ii 4500
003 JO-AjNU
008 230605s9999||||xx |||||||||||||| ||und||
040 _aJO-AjNU
_bara
_erda
_cJO-AjNU
041 _aara
050 1 4 _aLB3060.65.I68 2005
100 3 _aلجنة الترجمة والإعداد,
_eauthor
_922798
245 0 0 _aالإمتحانات مشكلاتها وطرائق مواجهتها:طريقك إلى التفوق والمذاكرة الفعالة
250 _aط1
264 3 1 _aالعين:دار الكتاب الجامعي،2005
300 _a212ص
336 _atext
_btxt
_2rdacontent
337 _aunmediated
_bn
_2rdamedia
338 _avolume
_bnc
_2rdacarrier
650 4 _aالإختبارات التربوية-علم النفس التربوي-التعلم
_922799
999 _aA8150
_c11718
_d11718